Voyage of H. M. S. Pandora: Despatched to arrest the mutineers of the Bounty in the south seas, 1790, 91
Sparad:
| Huvudupphovsmän: | , |
|---|---|
| Materialtyp: | Bok |
| Språk: | engelska |
| Publicerad: |
Londres
Francis Edwards
1915
|
| Upplaga: | 1a. ed |
| Ämnen: | |
| Taggar: |
Lägg till en tagg
Inga taggar, Lägg till första taggen!
|
MARC
| LEADER | 00000nam a2200000 a 4500 | ||
|---|---|---|---|
| 001 | UCJ4342 | ||
| 003 | CL-VaPUC | ||
| 008 | 070124e19150000UK |||||||||||||||||eng|d | ||
| 082 | 0 | 4 | |a 910.4 |b EDW |2 21 |
| 100 | 0 | |a Edwards, Edward, R. N |e author |9 507827 | |
| 700 | 0 | |a Hamilton, George |e author |9 507828 | |
| 245 | 1 | 0 | |a Voyage of H. M. S. Pandora: Despatched to arrest the mutineers of the Bounty in the south seas, 1790, 91 |
| 250 | |a 1a. ed | ||
| 300 | |a 177 p | ||
| 942 | |c BK | ||
| 945 | |d 20070124 00:00:00 |a rinostro | ||
| 260 | |a Londres |b Francis Edwards |c 1915 | ||
| 500 | |a Mapa con el track de la, H. M. S., Pandora | ||
| 600 | 0 | 7 | |a PANDORA |2 CL-VaPUC |9 507829 |
| 600 | 0 | 7 | |a BOUNTY |2 CL-VaPUC |9 507830 |
| 600 | 0 | 7 | |a BLIGH, WILLIAM |2 CL-VaPUC |9 505681 |
| 600 | 0 | 7 | |a CHRISTIAN, FLETCHER |2 CL-VaPUC |9 505676 |
| 650 | 0 | |a Viajes |9 257115 | |
| 650 | 7 | |a MOTINES |2 CL-VaPUC |9 446151 | |
| 650 | 0 | |a Descubrimientos geográficos |9 331933 | |
| 650 | 7 | |a DOCUMENTOS |2 CL-VaPUC |9 366450 | |
| 650 | 0 | |a Mapas |9 260844 | |
| 650 | 0 | |a Naufragios |9 317857 | |
| 650 | 0 | |a Cultura |9 269059 | |
| 651 | 7 | |a TAHITI |2 CL-VaPUC |9 266824 | |
| 651 | 7 | |a PITCAIRN |2 CL-VaPUC |9 505687 | |
| 583 | |a last modification |c 20070124 00:00:00 |k Rodrigo Vera | ||
| 999 | |c 320458 |d 320456 | ||
| 952 | |0 0 |1 0 |4 0 |6 910_400000000000000_EDW_1915 |7 0 |8 X |9 398980 |a FDOBUD |b FDOBUD |d 2019-11-22 |i 1016989 |o 910.4 EDW 1915 |p 1016989 |r 2019-11-22 |w 2019-11-22 |y BK_X |k BUD | ||